Kadra reprezentacji Francji - MŚ 2014 - Statystyki

Ogólne statystyki
  • Ten quiz został rozwiązany 37 razy
  • Średni wynik to 10 z 24
Statystyki odpowiedzi
Nr Zawodnik Poz % Poprawnych
1 Hugo Lloris BR
100%
10 Karim Benzema NA
86%
19 Paul Pogba PO
80%
9 Olivier Giroud NA
77%
4 Raphaël Varane OB
74%
11 Antoine Griezmann NA
69%
21 Laurent Koscielny NA
60%
3 Patrice Evra OB
60%
# Didier Deschamps Trener
51%
14 Blaise Matuidi PO
46%
8 Mathieu Valbuena PO
46%
15 Bacary Sagna PO
43%
2 Mathieu Debuchy OB
26%
16 Stéphane Ruffier BR
26%
5 Mamadou Sakho OB
23%
20 Loïc Rémy PO
20%
23 Mickaël Landreau BR
20%
18 Moussa Sissoko PO
20%
6 Yohan Cabaye OB
17%
13 Eliaquim Mangala OB
14%
17 Lucas Digne OB
9%
22 Morgan Schneiderlin OB
9%
7 Rémy Cabella PO
6%
12 Rio Mavuba PO
3%
Nie znaleziono quizów pasujących do podanych kryteriów
Rozkład punktacji
Procent ludzi z każdym wynikiem
Percentyl według liczby udzielonych odpowiedzi
Twoja historia wyników
Nie rozwiązałeś tego quizu